[Event "Ä11Ï"]
[Site "Loo"]
[Date "2017.04.25"]
[Round "6.12"]
[White "Êîæåâíèêîâà, Àëåíà."]
[Black "Øåíêåð, Àíãåëèíà."]
[Result "1-0"]
[WhiteElo "1422"]
[BlackElo "1151"]
[PlyCount "109"]
[EventDate "2017.04.20"]

1. c4 e6 2. Nc3 d5 3. e3 Nf6 4. g3 c6 5. b3 Bb4 6. Bb2 O-O 7. a3 Bd6 8. d3 Nbd7
9. Bg2 a6 10. Nge2 b5 11. b4 bxc4 12. dxc4 Bb7 13. O-O Ne5 14. c5 Bc7 15. Qc2
a5 16. b5 Qe7 17. b6 Bd8 18. Nb1 Ned7 19. Rc1 e5 20. Nd2 Ba6 21. Bf1 Qe6 22.
Rab1 Be7 23. Nf3 Bxc5 24. Nxe5 Nxe5 25. Bxe5 Bxe3 26. fxe3 Qxe5 27. Qc3 Qxc3
28. Nxc3 Bxf1 29. Kxf1 Ng4 30. b7 Rab8 31. Ke2 Nxh2 32. Na4 Rfe8 33. Nc5 Re7
34. Rb2 d4 35. Kd3 dxe3 36. Ke2 Ng4 37. Rcb1 f5 38. Na6 Ree8 39. Nxb8 Rxb8 40.
Rc2 Ne5 41. Kxe3 Kf7 42. Rc5 Ke6 43. Kd4 Nf3+ 44. Kc3 Kd7 45. Rxf5 Ne5 46. Rxe5
Kc7 47. Re7+ Kd8 48. Rxg7 h5 49. Rg8+ Kc7 50. Rxb8 Kxb8 51. Kd4 a4 52. Kc5 h4
53. gxh4 Ka7 54. b8=Q+ Ka6 55. Qa8# 1-0

[Event "Ä11Ï"]
[Site "Loo"]
[Date "2017.04.25"]
[Round "6.13"]
[White "Áîäðûõ, Ìàéÿ."]
[Black "Íàãàåâà, Àëèÿ."]
[Result "0-1"]
[WhiteElo "1132"]
[BlackElo "1269"]
[PlyCount "107"]
[EventDate "2017.04.20"]

1. e4 c5 2. Nc3 Nc6 3. g3 g6 4. Bg2 Bg7 5. Nge2 e6 6. d3 Nge7 7. Be3 Nd4 8. O-O
O-O 9. f4 d6 10. Bf2 Rb8 11. Nxd4 cxd4 12. Ne2 Nc6 13. c3 dxc3 14. Nxc3 b6 15.
d4 Ne7 16. d5 e5 17. fxe5 Bxe5 18. Bd4 Bxd4+ 19. Qxd4 Ba6 20. Rf2 Qd7 21. h3
Nc8 22. b4 Qe7 23. b5 Bb7 24. Raf1 Qe5 25. Qxe5 dxe5 26. Rf6 Ba8 27. Nd1 Rb7
28. Ne3 Rd7 29. Nc4 Re8 30. h4 Rc7 31. Nd6 Nxd6 32. Rxd6 Bb7 33. Bh3 Bc8 34.
Bxc8 Rexc8 35. Rc6 Rxc6 36. bxc6 Kf8 37. Rd1 Ke8 38. Rc1 Ke7 39. Kf2 Kd6 40.
Kf3 f5 41. Rc2 Rb8 42. a4 a6 43. c7 Rc8 44. Rc6+ Kd7 45. exf5 gxf5 46. Rxb6
Rxc7 47. Rxa6 Rc3+ 48. Kf2 Rc2+ 49. Kf3 Rc3+ 50. Kf2 Rc2+ 51. Kf3 Rc3+ 52. Kg2
Rc2+ 53. Kh3 e4 54. Re6 {äàëåå çàïèñü íåðàçáîð~~èâà} 0-1

[Event "Ä11Ï"]
[Site "Loo"]
[Date "2017.04.25"]
[Round "6.14"]
[White "Ïîíîìàðåâà, Âàðâàðà."]
[Black "ßêèìîâà, Çëàòà."]
[Result "0-1"]
[WhiteElo "1118"]
[BlackElo "1259"]
[PlyCount "98"]
[EventDate "2017.04.20"]

1. Nf3 d5 2. d4 e6 3. Nc3 Nf6 4. Bg5 Be7 5. e3 O-O 6. Bxf6 Bxf6 7. Qd2 Qe7 8.
O-O-O c5 9. h4 Nc6 10. g4 g6 11. h5 Bg7 12. Be2 a6 13. h6 Bh8 14. dxc5 Qxc5 15.
Nd4 b5 16. Nxc6 Qxc6 17. Bf3 Qb6 18. e4 d4 19. Ne2 e5 20. Rhg1 Be6 21. Bh1 Rfd8
22. Rg3 Qc5 23. a3 Rac8 24. Qd3 Bc4 25. Qd2 Bf6 26. g5 Be7 27. Kb1 Rc7 28. Nc1
Rb8 29. Nd3 Qd6 30. Bg2 Rbc8 31. Rc1 f6 32. Bh3 Rb8 33. gxf6 Bxf6 34. Nb4 a5
35. Na2 b4 36. axb4 axb4 37. b3 Bf7 38. Qd3 Ra7 39. Kb2 Rba8 40. Ra1 Qe7 41.
Rgg1 Ra5 42. Qd2 Qa7 43. Qxb4 Rxa2+ 44. Rxa2 Qxa2+ 45. Kc1 Qa1+ 46. Kd2 Qxg1
47. Qb7 Qxf2+ 48. Kc1 Qe1+ 49. Kb2 Qa1# 0-1

[Event "Ä11Ï"]
[Site "Loo"]
[Date "2017.04.25"]
[Round "6.15"]
[White "Êóëüêîâà, Äèíà."]
[Black "Ñèòíîâà, Ìàðãàðèòà."]
[Result "0-1"]
[WhiteElo "1232"]
[BlackElo "1118"]
[PlyCount "76"]
[EventDate "2017.04.20"]

1. e4 d6 2. d4 Nf6 3. Nd2 c6 4. Ngf3 Nbd7 5. c4 e5 6. Qb3 Be7 7. Bd3 O-O 8. O-O
Qc7 9. Re1 Re8 10. Nf1 Nf8 11. Ng3 Bg4 12. Be3 Bxf3 13. gxf3 Ng6 14. d5 Qd7 15.
Bf1 Nh4 16. Bg2 h6 17. f4 exf4 18. Bxf4 Qg4 19. Bd2 Nh5 20. Qxb7 Nxg2 21. Kxg2
Rab8 22. Qxc6 Rec8 23. Qa6 Rd8 24. Qxa7 Bg5 25. Bxg5 Qxg5 26. Qe3 Nf4+ 27. Kh1
Rxb2 28. Rg1 Qe5 29. Nf5 Ng6 30. f4 Nxf4 31. Nxh6+ Kf8 32. Ng4 Qg5 33. Nf2 Qh4
34. Rg3 Rdb8 35. Rg4 Qxf2 36. Qxf4 Rb1+ 37. Rxb1 Rxb1+ 38. Rg1 Qxg1# 0-1

[Event "Ä11Ï"]
[Site "Loo"]
[Date "2017.04.25"]
[Round "6.16"]
[White "Íîâîñåëîâà, Ñâåòëàíà."]
[Black "×èñòÿêîâà, Âåðîíèêà."]
[Result "1/2-1/2"]
[WhiteElo "1229"]
[BlackElo "1116"]
[PlyCount "105"]
[EventDate "2017.04.20"]

1. d4 d5 2. c4 e6 3. Nc3 a6 4. cxd5 exd5 5. Nf3 c5 6. dxc5 Nf6 7. Bg5 Be6 8. e3
Be7 9. Qc2 Bxc5 10. Rd1 Bb4 11. Be2 Nc6 12. O-O Bxc3 13. bxc3 Qe7 14. Nd4 Nxd4
15. cxd4 O-O 16. Bd3 h6 17. Bh4 Rfc8 18. Qb1 b5 19. Rc1 Rxc1 20. Rxc1 Rc8 21.
Rxc8+ Bxc8 22. Qc2 Bb7 23. Kf1 Kf8 24. Ke2 Ke8 25. Bf5 g5 26. Bg3 Ne4 27. f3
Nxg3+ 28. hxg3 Qd6 29. f4 Qc6 30. Kd3 Qxc2+ 31. Kxc2 Ke7 32. Kb3 a5 33. a3 Kd6
34. Kc3 Kc6 35. e4 dxe4 36. Bxe4+ Kc7 37. d5 Kd6 38. Kd4 b4 39. axb4 axb4 40.
Kc4 b3 41. Kxb3 Bxd5+ 42. Bxd5 Kxd5 43. Kc3 gxf4 44. Kd3 Ke5 45. gxf4+ Kxf4 46.
Ke2 Kg4 47. Kf2 h5 48. Kg1 Kg3 49. Kh1 h4 50. Kg1 h3 51. gxh3 Kxh3 52. Kf2 Kg4
53. Kg2 1/2-1/2

[Event "Ä11Ï"]
[Site "Loo"]
[Date "2017.04.25"]
[Round "6.17"]
[White "Áàê÷åíêî, Àíàñòàñèÿ."]
[Black "Äàðìàåâà, Íîìèíà."]
[Result "0-1"]
[WhiteElo "1221"]
[BlackElo "1047"]
[PlyCount "52"]
[EventDate "2017.04.20"]

1. d4 d5 2. Bf4 Nf6 3. e3 c5 4. c3 e6 5. Bd3 Nc6 6. Nd2 Bd6 7. Bg3 Bxg3 8. hxg3
Qd6 9. Ngf3 e5 10. dxe5 Nxe5 11. Nxe5 Qxe5 12. Nf3 Qd6 13. O-O O-O 14. Re1 Ng4
15. e4 Qb6 16. Re2 dxe4 17. Bxe4 Be6 18. Ne5 Nxe5 19. Bxh7+ Kxh7 20. Rxe5 g6
21. Qe2 Rae8 22. Re1 Bd7 23. Qe4 Rxe5 24. Qh4+ Rh5 25. Qe7 Kg7 26. Qxd7 Rf5 {
äàëåå çàïèñü íåðàçáîð~~èâà} 0-1

[Event "Ä11Ï"]
[Site "Loo"]
[Date "2017.04.25"]
[Round "6.19"]
[White "Ìèõàéëîâà, Åêàòåðèíà."]
[Black "Òåëåëþõèíà, Åëèçàâåòà."]
[Result "0-1"]
[WhiteElo "1053"]
[BlackElo "1214"]
[PlyCount "98"]
[EventDate "2017.04.20"]

1. e4 b6 2. g3 Bb7 3. Bg2 e6 4. Nc3 Nf6 5. d3 Bb4 6. Nf3 O-O 7. Bd2 d5 8. a3
Bxc3 9. Bxc3 dxe4 10. Bxf6 Qxf6 11. dxe4 Bxe4 12. O-O Qxb2 13. Qe2 Bb7 14. Ng5
Bxg2 15. Kxg2 h6 16. Qe4 hxg5 17. Qxa8 Qxc2 18. Qxa7 Qc6+ 19. Kg1 Nd7 20. Qa6
Nc5 21. Qc4 Qe4 22. Qc3 Qd3 23. Qe5 Qd6 24. Qxg5 Ne4 25. Qe3 Nf6 26. Rad1 Nd5
27. Qf3 Ra8 28. Rd3 c6 29. Rb1 b5 30. Rbb3 Qe5 31. Rd2 Qe1+ 32. Kg2 Qxd2 33.
Rd3 Qg5 34. h4 Qf6 35. Qe4 Qf5 36. Qd4 Rd8 37. Rd2 Ra8 38. Kh2 Rxa3 39. Qc5 Rf3
40. Qxc6 Rxf2+ 41. Rxf2 Qxf2+ 42. Kh3 Qf1+ 43. Kh2 b4 44. Qc8+ Kh7 45. Qc2+ Qf5
46. Qe2 b3 47. g4 Qf4+ 48. Kh1 Qc1+ 49. Kh2 Qc2 0-1

[Event "Ä11Ï"]
[Site "Loo"]
[Date "2017.04.25"]
[Round "6.20"]
[White "Íîâèêîâà, Äàðüÿ."]
[Black "Ïåòðîâà, Âàðâàðà."]
[Result "1/2-1/2"]
[WhiteElo "1117"]
[BlackElo "1210"]
[PlyCount "85"]
[EventDate "2017.04.20"]

1. e4 c6 2. d4 d5 3. exd5 cxd5 4. Nf3 Nf6 5. Nc3 e6 6. Bd3 Be7 7. Be3 Nbd7 8.
O-O O-O 9. h3 h6 10. Qd2 h5 11. Rfe1 Re8 12. Bf4 a6 13. Ne5 Bf8 14. Rad1 g6 15.
Bh6 Bg7 16. Bf4 Qb6 17. Qc1 Nh7 18. Ne2 Ndf6 19. c4 dxc4 20. Nxc4 Qc6 21. Nd6
Qxc1 22. Rxc1 Rf8 23. Rc7 Nd5 24. Rc4 Nxf4 25. Nxf4 Rd8 26. Nxc8 Raxc8 27. Rxc8
Rxc8 28. Be4 Rc7 29. Ne2 Ng5 30. Bd3 Rd7 31. h4 Nh7 32. Be4 b6 33. Rd1 Nf6 34.
Bd3 b5 35. Bc2 Nd5 36. Bb3 Nb4 37. Rd2 Bh6 38. f4 Nd5 39. g3 Nf6 40. Nc3 Bg7
41. a3 Ne8 42. d5 Nc7 43. d6 1/2-1/2

[Event "Ä11Ï"]
[Site "Loo"]
[Date "2017.04.25"]
[Round "6.22"]
[White "Ãîí÷àðîâà, Ñîôèÿ."]
[Black "Øàòêîâñêàÿ, Åëèçàâåòà."]
[Result "0-1"]
[WhiteElo "1034"]
[BlackElo "1183"]
[PlyCount "68"]
[EventDate "2017.04.20"]

1. e4 c5 2. Nf3 g6 3. d4 cxd4 4. Nxd4 Bg7 5. Be3 Nc6 6. Be2 Nf6 7. Nc3 O-O 8.
e5 Ne8 9. f4 d6 10. exd6 Qxd6 11. Ncb5 Qd7 12. c3 a6 13. Nxc6 Qxc6 14. Nd4 Qxg2
15. Rg1 Qe4 16. Qd2 Bxd4 17. Bxd4 Nf6 18. O-O-O Rd8 19. Bd3 Qc6 20. f5 Rxd4 21.
Qh6 Rxd3 22. Rxd3 Bxf5 23. Rd4 Qb6 24. Rg3 Rc8 25. Rh4 Qe6 26. Re3 Qxa2 27.
Rxe7 Qa1+ 28. Kd2 Qxb2+ 29. Ke3 Qxc3+ 30. Kf4 Rc4+ 31. Kg5 Rxh4 32. Qxh4 h6+
33. Kxh6 Qd2+ 34. Qg5 Qxh2+ 0-1

[Event "Ä11Ï"]
[Site "Loo"]
[Date "2017.04.25"]
[Round "6.24"]
[White "Êîðíåâà, Ïîëèíà."]
[Black "Äîðîôååâà, Àííà."]
[Result "1-0"]
[WhiteElo "1270"]
[BlackElo "1009"]
[PlyCount "67"]
[EventDate "2017.04.20"]

1. e4 e5 2. Nf3 Nc6 3. Bc4 Bc5 4. c3 Nf6 5. d4 exd4 6. e5 d5 7. Bb5 Ne4 8. cxd4
Bb6 9. O-O Bd7 10. Nc3 Nxc3 11. bxc3 Nxe5 12. Bxd7+ Nxd7 13. Re1+ Kf8 14. Ba3+
Kg8 15. Qe2 Nf6 16. Ne5 Qe8 17. Qd3 Qa4 18. Be7 Qa6 19. Qf3 Ba5 20. Rac1 Re8
21. Bxf6 Qxf6 22. Qxd5 Bb6 23. Qxb7 Qe6 24. Nf3 Qc8 25. Rxe8+ Qxe8 26. Re1 Qf8
27. Qc6 h6 28. Re8 Qxe8 29. Qxe8+ Kh7 30. Qe4+ g6 31. Qe7 Rb8 32. Qxf7+ Kh8 33.
Ne5 Bxd4 34. Nxg6# 1-0

[Event "Ä11Ï"]
[Site "Loo"]
[Date "2017.04.25"]
[Round "6.25"]
[White "Êîðíåâà, Åëèçàâåòà."]
[Black "Õóñíååâà, Àëèíà."]
[Result "1/2-1/2"]
[WhiteElo "1060"]
[BlackElo "1238"]
[PlyCount "67"]
[EventDate "2017.04.20"]

1. d4 Nf6 2. c4 d6 3. Nc3 Nbd7 4. e4 e5 5. d5 g6 6. Nf3 Bg7 7. g3 O-O 8. Bh3
Nc5 9. Bxc8 Qxc8 10. O-O Nfxe4 11. Nxe4 Nxe4 12. Re1 f5 13. Ng5 Nxg5 14. Bxg5
h6 15. Bd2 f4 16. g4 f3 17. Re4 a6 18. Qc1 Kh7 19. Qf1 Qd7 20. Qh3 c6 21. Qh4
Qd8 22. Qh3 cxd5 23. cxd5 Qd7 24. Qg3 Qd8 25. Qh3 g5 26. Rae1 Qf6 27. R4e3 Rac8
28. Bc3 Qg6 29. Qh5 Qf6 30. Qh3 Qg6 31. Qh5 Qf6 32. Qh3 Qg6 33. Qh5 Qf6 34. Qh3
1/2-1/2

[Event "Ä11Ï"]
[Site "Loo"]
[Date "2017.04.25"]
[Round "6.26"]
[White "Ñìèðíîâà, Àë¸íà."]
[Black "Ðàôèêîâà, Àìèíà."]
[Result "1-0"]
[WhiteElo "1187"]
[BlackElo "1111"]
[PlyCount "63"]
[EventDate "2017.04.20"]

1. e4 e5 2. Nf3 d5 3. exd5 e4 4. Nd4 Qxd5 5. Nb3 Bf5 6. Nc3 Qd8 7. Bc4 Nf6 8.
h3 Bd6 9. O-O O-O 10. d3 a5 11. dxe4 Nxe4 12. Nxe4 Bxe4 13. Re1 h6 14. Bxh6
gxh6 15. Rxe4 a4 16. Rg4+ Kh8 17. Qd4+ f6 18. Nc5 b6 19. Ne6 Nc6 20. Nxd8 Nxd4
21. Rxd4 Raxd8 22. c3 c5 23. Rdd1 Bc7 24. Kf1 b5 25. Bxb5 Rb8 26. Bxa4 Rxb2 27.
Bb3 Ra8 28. Rab1 Rxb3 29. axb3 Rb8 30. b4 c4 31. Rd4 Be5 32. Rxc4 1-0

[Event "Ä11Ï"]
[Site "Loo"]
[Date "2017.04.25"]
[Round "6.30"]
[White "Êó÷èíà, Àëåêñàíäðà."]
[Black "Ðîìàíåíêîâà, Åêàòåðèíà."]
[Result "1-0"]
[WhiteElo "1004"]
[BlackElo "1233"]
[PlyCount "69"]
[EventDate "2017.04.20"]

1. e3 e5 2. d4 exd4 3. exd4 d5 4. Bd3 Nf6 5. Ne2 Bd6 6. Bf4 Ne4 7. O-O f5 8. f3
Ng5 9. c3 O-O 10. Na3 a6 11. Nc2 Ne6 12. Qd2 b6 13. Rab1 c5 14. Bxd6 Qxd6 15.
a3 c4 16. Bxf5 Rxf5 17. Ng3 Rf6 18. Rfe1 Bd7 19. Ne3 Nf4 20. Qc2 Nd3 21. Re2
Nc6 22. Rd2 Na5 23. Rdd1 Re8 24. Ngf1 Nb3 25. Rxd3 cxd3 26. Qxb3 d2 27. Qd1 Rh6
28. Qxd2 Qg6 29. Re1 Bh3 30. Qf2 Rh5 31. Qg3 Qxg3 32. Nxg3 Rg5 33. gxh3 h5 34.
Kf2 h4 35. Ngf1 1-0

[Event "Ä11Â"]
[Site "Loo"]
[Date "2017.04.25"]
[Round "6.1"]
[White "Ôåäîðîâà, Îëåñÿ."]
[Black "Ïîëÿòî, Èðèíà."]
[Result "0-1"]
[WhiteElo "1414"]
[BlackElo "1475"]
[PlyCount "118"]
[EventDate "2017.04.20"]

1. e4 c6 2. d4 d5 3. exd5 cxd5 4. Bd3 Nc6 5. c3 Qc7 6. h3 Nf6 7. Nf3 g6 8. O-O
Bg7 9. Re1 O-O 10. Na3 a6 11. Nc2 Re8 12. Bg5 e6 13. Bh4 Nh5 14. Bg5 Nf4 15.
Bxf4 Qxf4 16. Qc1 Qxc1 17. Raxc1 Bd7 18. b3 e5 19. dxe5 Nxe5 20. Nxe5 Bxe5 21.
Ne3 Bc6 22. Ng4 Bg7 23. Kf1 Rad8 24. c4 d4 25. f3 f5 26. Nf2 Kf7 27. Rxe8 Rxe8
28. Re1 Rxe1+ 29. Kxe1 Ke6 30. Ke2 Kd6 31. b4 Ke5 32. g3 Bf8 33. a3 Bh6 34. f4+
Ke6 35. Bc2 Bg7 36. Kd3 h6 37. Bb3 g5 38. c5+ Bd5 39. Bxd5+ Kxd5 40. Nh1 Bf6
41. Nf2 gxf4 42. gxf4 Bh4 43. Nh1 h5 44. a4 Be1 45. b5 axb5 46. axb5 Kxc5 47.
Ke2 Bh4 48. Kd3 b6 49. Kd2 Kxb5 50. Kd3 Kc5 51. Kd2 Kc4 52. Kc2 b5 53. Kd2 b4
54. Kc2 b3+ 55. Kb2 d3 56. Kc1 Kc3 57. Kb1 d2 58. Nf2 Bxf2 59. h4 d1=Q# 0-1

[Event "Ä11Â"]
[Site "Loo"]
[Date "2017.04.25"]
[Round "6.2"]
[White "Ìèõååâà, Ãàëèíà."]
[Black "Ôðîëîâà, Àëèêà."]
[Result "1-0"]
[WhiteElo "1569"]
[BlackElo "1441"]
[PlyCount "127"]
[EventDate "2017.04.20"]

1. e4 c6 2. d4 d5 3. e5 Bf5 4. h4 h6 5. g4 Bd7 6. h5 c5 7. c3 Nc6 8. Bh3 e6 9.
Bg2 Rc8 10. Ne2 cxd4 11. cxd4 Qb6 12. O-O Be7 13. Nbc3 Bd8 14. Na4 Qc7 15. Bf4
Nge7 16. Rc1 Qa5 17. Nac3 O-O 18. a3 b5 19. Qd2 Kh7 20. Qd3+ Kh8 21. Qd2 Kh7
22. Ra1 b4 23. axb4 Qxb4 24. Ra4 Qb6 25. Rfa1 Rb8 26. R4a2 Bc7 27. Na4 Qb4 28.
Nc5 Qxd2 29. Bxd2 Rfd8 30. Bc3 Bb6 31. b4 Bc7 32. Na6 Rb7 33. Nxc7 Rxc7 34. b5
Nb8 35. Ba5 Rdc8 36. Bxc7 Rxc7 37. Rxa7 Rxa7 38. Rxa7 Bxb5 39. Nc3 Bd7 40. Rb7
Nec6 41. Kf1 Bc8 42. Rxf7 Nxd4 43. Ke1 Nbc6 44. f4 Nc2+ 45. Kd2 N2b4 46. Bf1 d4
47. Ne4 Nd5 48. g5 Kg8 49. g6 Nde7 50. Bb5 Bd7 51. Bxc6 Bxc6 52. Rxe7 Kf8 53.
Rf7+ Kg8 54. Rc7 Be8 55. Nd6 Kf8 56. Rc8 Ke7 57. Rxe8+ Kd7 58. Rg8 Kc6 59. Rxg7
Kd5 60. Rf7 d3 61. g7 Kd4 62. g8=Q Kd5 63. Qc8 Kd4 64. Qc4# 1-0

[Event "Ä11Â"]
[Site "Loo"]
[Date "2017.04.25"]
[Round "6.3"]
[White "Êëåéìåíîâà, Âàëåðèÿ."]
[Black "Øâåäîâà, Àëåêñàíäðà."]
[Result "0-1"]
[WhiteElo "1465"]
[BlackElo "1522"]
[PlyCount "98"]
[EventDate "2017.04.20"]

1. e4 e5 2. Nf3 Nc6 3. Bc4 Bc5 4. O-O Nf6 5. d3 d6 6. h3 h6 7. c3 Bb6 8. Bb3
Ne7 9. Nbd2 Ng6 10. Re1 O-O 11. Nf1 d5 12. exd5 Nxd5 13. Bxd5 Qxd5 14. Ne3 Bxe3
15. Bxe3 f5 16. a4 b6 17. Bc1 Bb7 18. Rf1 Rad8 19. d4 c5 20. Qc2 e4 21. Ne1
cxd4 22. cxd4 Qxd4 23. Be3 Qe5 24. Bd2 Ba6 25. Bb4 Rfe8 26. Nf3 exf3 27. Rfe1
Qf6 28. Rxe8+ Rxe8 29. Qb3+ Kh7 30. Qxf3 Qxb2 31. Bc3 Qc2 32. Bb4 Qe4 33. Qb3
Bc4 34. Qb2 Nh4 35. f3 Qe2 36. Qxe2 Rxe2 37. Rd1 Rxg2+ 38. Kh1 Rf2 39. Rd7 Rxf3
40. Rxa7 Rxh3+ 41. Kg1 f4 42. Rc7 Bd3 43. Bc3 Rg3+ 44. Kf2 Rg2+ 45. Ke1 f3 46.
Bd4 f2+ 47. Bxf2 Nf3+ 48. Kd1 Rxf2 49. Rb7 Rf1# 0-1

[Event "Ä11Â"]
[Site "Loo"]
[Date "2017.04.25"]
[Round "6.4"]
[White "Øóáåíêîâà, Âåðîíèêà."]
[Black "Ñóäàðêèíà, Åêàòåðèíà."]
[Result "1-0"]
[WhiteElo "1515"]
[BlackElo "1292"]
[PlyCount "83"]
[EventDate "2017.04.20"]

1. d4 Nf6 2. c4 e6 3. Nc3 Bb4 4. Bg5 b6 5. e3 Bb7 6. Nf3 h6 7. Bxf6 Qxf6 8. Be2
O-O 9. O-O Bxc3 10. bxc3 d5 11. cxd5 Bxd5 12. Ne5 Qe7 13. Bd3 Nd7 14. Nxd7 Qxd7
15. e4 Bb7 16. Qc2 Rad8 17. Rfd1 Qe7 18. Qe2 a5 19. Bc2 e5 20. d5 Qc5 21. c4
Ba6 22. Bd3 c6 23. Rac1 cxd5 24. cxd5 Bxd3 25. Qxd3 Qd6 26. h3 Rc8 27. Qb5 Rxc1
28. Rxc1 f5 29. exf5 Rxf5 30. Rc6 Qd8 31. Rxb6 Qc7 32. Rc6 Qa7 33. Qb2 e4 34.
d6 Qd7 35. Qc2 Rf6 36. Rc8+ Rf8 37. Qc4+ Qf7 38. Qxf7+ Kxf7 39. d7 Ke7 40. Rxf8
Kxf8 41. d8=Q+ Kf7 42. Qd5+ 1-0

[Event "Ä11Â"]
[Site "Loo"]
[Date "2017.04.25"]
[Round "6.5"]
[White "Êîðîâèíà, ßíà."]
[Black "Ñâåðãèíà, Ñîôüÿ."]
[Result "1/2-1/2"]
[WhiteElo "1416"]
[BlackElo "1228"]
[PlyCount "107"]
[EventDate "2017.04.20"]

1. e4 c6 2. d4 d5 3. Nd2 dxe4 4. Nxe4 e6 5. Nf3 Nd7 6. Bf4 Ngf6 7. Bd3 Nxe4 8.
Bxe4 Be7 9. O-O O-O 10. c3 Nf6 11. Bc2 Nd5 12. Qd3 f5 13. Be5 Bd6 14. Rfe1 Nf6
15. Bxd6 Qxd6 16. Ne5 Nd7 17. f4 b6 18. Qe3 Nxe5 19. Qxe5 Qxe5 20. dxe5 Bb7 21.
Bb3 Kf7 22. Rad1 Rad8 23. Rd6 Rxd6 24. exd6 Bc8 25. Kf2 Rd8 26. Rd1 Kf6 27. Ke3
e5 28. g3 Be6 29. Bc2 e4 30. Ba4 b5 31. Bc2 Bd5 32. b3 Bf7 33. g4 g6 34. h4 a5
35. h5 Bd5 36. hxg6 hxg6 37. gxf5 gxf5 38. a3 Ke6 39. b4 a4 40. Bb1 Kxd6 41.
Ba2 Kc7 42. Bxd5 Rxd5 43. Rxd5 cxd5 44. Kd4 Kd7 45. Ke3 Ke7 46. Ke2 Kf6 47. Ke3
Kg6 48. Kf2 Kh6 49. Kg2 Kh5 50. Kg3 Kg6 51. Kf2 Kh7 52. Kg2 Kg7 53. Kf2 Kf7 54.
Ke3 1/2-1/2

[Event "Ä11Â"]
[Site "Loo"]
[Date "2017.04.25"]
[Round "6.6"]
[White "Ìàêîãîí, Åëåíà."]
[Black "Êîìèññàðîâà, Ñîéæèíà."]
[Result "1/2-1/2"]
[WhiteElo "1374"]
[BlackElo "1404"]
[PlyCount "102"]
[EventDate "2017.04.20"]

1. e4 d5 2. exd5 Qxd5 3. Nc3 Qa5 4. d4 c6 5. Bd2 Qc7 6. Bd3 Nf6 7. h3 e6 8. Nf3
Be7 9. O-O O-O 10. Re1 Nbd7 11. Qc1 Bd6 12. Ne4 Nxe4 13. Bxe4 Nf6 14. Bd3 b5
15. Bg5 Nd5 16. c3 Bf4 17. Bxf4 Nxf4 18. Be4 f5 19. Bc2 Re8 20. Ne5 Nd5 21. Nd3
a5 22. Nc5 Bd7 23. Nxd7 Qxd7 24. Qd2 a4 25. Bd1 Rac8 26. Qd3 Nf6 27. Bc2 Rcd8
28. Rad1 Qc8 29. c4 Qb8 30. b3 axb3 31. axb3 g6 32. cxb5 Qxb5 33. Qxb5 cxb5 34.
b4 Nd5 35. Bb3 Kf7 36. Re5 Nxb4 37. Rxb5 Nd5 38. Bxd5 Rxd5 39. Rxd5 exd5 40. f3
h5 41. Rb1 Rd8 42. Kf2 Kf6 43. Rb6+ Kf7 44. Kg3 g5 45. Kf2 f4 46. g3 Kg7 47. g4
h4 48. Re6 Rd7 49. Re5 Kf6 50. Rf5+ Kg6 51. Re5 Kf6 1/2-1/2

[Event "Ä11Â"]
[Site "Loo"]
[Date "2017.04.25"]
[Round "6.7"]
[White "Ïøåâñêàÿ, ßíà."]
[Black "Ìîíãóø, Ìèëåíà."]
[Result "1-0"]
[WhiteElo "1345"]
[BlackElo "1421"]
[PlyCount "71"]
[EventDate "2017.04.20"]

1. d4 Nf6 2. Bf4 d5 3. e3 a6 4. Nf3 Bg4 5. c3 e6 6. Bd3 Bd6 7. Bg3 Nbd7 8. Nbd2
O-O 9. Qc2 Re8 10. Ne5 Bh5 11. f4 c5 12. Qc1 Rf8 13. h3 Ne8 14. O-O f5 15. Ndf3
Nef6 16. Bh4 h6 17. g4 fxg4 18. hxg4 Be8 19. g5 hxg5 20. Bxg5 Be7 21. Qe1 Ne4
22. Bxe7 Qxe7 23. Bxe4 dxe4 24. Ng5 Nxe5 25. dxe5 Bc6 26. Qh4 g6 27. Kf2 Bd5
28. Rh1 Qg7 29. Rad1 Rfe8 30. c4 Bc6 31. Rd6 Re7 32. Rxe6 Rae8 33. Rxg6 Rf7 34.
Rxg7+ Kxg7 35. Qh6+ Kg8 36. Qh8# 1-0

[Event "Ä11Â"]
[Site "Loo"]
[Date "2017.04.25"]
[Round "6.8"]
[White "Øóõìàí, Àííà."]
[Black "Êóçíåöîâà, Îëüãà."]
[Result "1-0"]
[WhiteElo "1308"]
[BlackElo "1405"]
[PlyCount "71"]
[EventDate "2017.04.20"]

1. e4 c5 2. Nf3 e6 3. d4 cxd4 4. Nxd4 Nf6 5. Bd3 d6 6. O-O Be7 7. c4 Nbd7 8.
Qe2 a6 9. Nc3 Qc7 10. f4 b6 11. Be3 Bb7 12. Rac1 Nc5 13. Bd2 O-O 14. Bb1 Rac8
15. b4 Ncd7 16. a3 Ba8 17. f5 e5 18. Nf3 Bb7 19. Nd5 Qd8 20. Nxe7+ Qxe7 21.
Rfe1 Rc7 22. Bg5 h6 23. Bh4 Rfc8 24. Qd3 b5 25. Nd2 Nb6 26. Ba2 bxc4 27. Nxc4
Nxc4 28. Rxc4 Kh7 29. h3 Qd7 30. Bxf6 gxf6 31. Rd1 Rd8 32. Rdc1 Rxc4 33. Bxc4
Rc8 34. Rd1 Qa4 35. Bxf7 Rd8 36. Qg3 1-0

[Event "Ä11Â"]
[Site "Loo"]
[Date "2017.04.25"]
[Round "6.9"]
[White "Êàðìàíîâà, Îëüãà."]
[Black "Ìàéêîâåö, ßíà."]
[Result "0-1"]
[WhiteElo "1299"]
[BlackElo "1401"]
[PlyCount "118"]
[EventDate "2017.04.20"]

1. e4 c5 2. Nf3 d6 3. d4 cxd4 4. Nxd4 Nf6 5. f3 a6 6. c4 e5 7. Nc2 Be6 8. Nc3
Be7 9. Be2 Nbd7 10. O-O O-O 11. Kh1 Nb6 12. b3 Nfd7 13. Nd5 f5 14. Nxb6 Nxb6
15. exf5 Bxf5 16. Ne3 Be6 17. Bb2 Bg5 18. Qd3 Be7 19. Rad1 Qe8 20. Qb1 Qh5 21.
Qd3 Qg5 22. Bc1 Qf6 23. Ng4 Qf7 24. f4 Qf5 25. Qe3 Qg6 26. Nxe5 dxe5 27. Qxb6
Rab8 28. Bh5 Qf5 29. Be2 exf4 30. Bxf4 Bc5 31. Qa5 Rbc8 32. Qc3 Qg6 33. Bd3 Bf5
34. Bxf5 Qxf5 35. Qd3 Qxd3 36. Rxd3 g5 37. Rg3 h6 38. Rff3 Rcd8 39. h4 Rd4 40.
Be5 Rxh4+ 41. Rh3 Rxf3 42. Rxh4 Rf1+ 43. Kh2 gxh4 44. Bc3 h5 45. b4 Rc1 46. Bf6
Bxb4 47. Be5 Rxc4 48. Kh3 Rc2 49. Kh2 Rxa2 50. Kh3 Rd2 51. Bf4 Rd4 52. Be5 Re4
53. Bc7 Re3+ 54. Kh2 a5 55. Bxa5 Bxa5 56. g4 hxg4 57. Kg2 h3+ 58. Kh2 Bc7+ 59.
Kg1 h2+ 0-1

[Event "Ä11Â"]
[Site "Loo"]
[Date "2017.04.25"]
[Round "6.10"]
[White "Àëåøèíà, Àðèíà."]
[Black "Êåêååâà, Ñîôèÿ."]
[Result "0-1"]
[WhiteElo "1391"]
[BlackElo "1328"]
[PlyCount "144"]
[EventDate "2017.04.20"]

1. e4 c6 2. Nc3 d5 3. Qe2 dxe4 4. Nxe4 Bf5 5. d3 e6 6. g4 Bxg4 7. Qxg4 f5 8.
Qe2 fxe4 9. Qxe4 Qd5 10. Bg2 Nf6 11. Qf3 Bd6 12. Ne2 O-O 13. Nc3 Qxf3 14. Bxf3
Nd5 15. Ne4 Bb4+ 16. c3 Bxc3+ 17. bxc3 Rxf3 18. Ke2 Rf7 19. Ba3 Nf4+ 20. Ke3
Nd5+ 21. Ke2 b6 22. Ng5 Rf5 23. Ne4 c5 24. Bb2 Nc6 25. Nd6 Re5+ 26. Kd2 Rh5 27.
Rag1 Nf6 28. Nb5 Rd8 29. c4 Rf5 30. Rg2 g6 31. Nc7 Kf7 32. Re1 e5 33. Nb5 Rf3
34. Re3 Rxe3 35. fxe3 a6 36. Nc7 Rd7 37. Na8 Ra7 38. Nxb6 Rb7 39. Rf2 Rxb6 40.
Ba3 Nb4 41. Kc3 Ke6 42. Rb2 a5 43. Bxb4 axb4+ 44. Kc2 Ra6 45. Kd2 Rd6 46. Kc2
Ng4 47. Kd2 Nxh2 48. Ke2 Ng4 49. Kf3 Nf6 50. Ke2 h5 51. Rd2 g5 52. Kf2 Ng4+ 53.
Kf3 e4+ 54. Kxe4 Nf6+ 55. Kf3 h4 56. Kg2 Ne4 57. Rd1 Nc3 58. Rd2 Ra6 59. Kh3
Rxa2 60. Rxa2 Nxa2 61. Kg4 b3 62. Kf3 b2 63. Kg4 b1=Q 64. Kf3 Qf1+ 65. Kg4 Qf5+
66. Kh5 Kf6 67. e4 Qf3+ 68. Kh6 g4 69. Kh7 Qf4 70. Kg8 Qg5+ 71. Kf8 Qg7+ 72.
Ke8 Qe7# 0-1

[Event "Ä11Â"]
[Site "Loo"]
[Date "2017.04.25"]
[Round "6.11"]
[White "Øåâÿêîâà, Àëåíà."]
[Black "Âèøíÿêîâà, Àëèñèÿ."]
[Result "1/2-1/2"]
[WhiteElo "1164"]
[BlackElo "1370"]
[PlyCount "105"]
[EventDate "2017.04.20"]

1. e4 e6 2. d4 d5 3. Nc3 dxe4 4. Nxe4 Nd7 5. Nf3 Ngf6 6. Nxf6+ Nxf6 7. Bg5 Be7
8. Bd3 O-O 9. Qe2 c5 10. dxc5 Bxc5 11. O-O-O Qe7 12. Nd2 a6 13. Bxf6 gxf6 14.
Rde1 Qc7 15. h4 Rd8 16. Rh3 f5 17. Rf3 b5 18. Qe5 Qxe5 19. Rxe5 Bd6 20. Ree3
Bb7 21. Rh3 Bf4 22. Re1 Kf8 23. g3 Bd6 24. h5 h6 25. Rh4 Bc5 26. Re2 Rd4 27.
Rxd4 Bxd4 28. c3 Bb6 29. Kd1 Ke7 30. Bxf5 Kf6 31. Be4 Bxe4 32. Nxe4+ Ke7 33. f3
Bc7 34. g4 Rd8+ 35. Rd2 Rxd2+ 36. Kxd2 Bb6 37. Kd3 f5 38. Nd2 Kf6 39. Ke2 Kg5
40. gxf5 exf5 41. Nf1 Kxh5 42. Ng3+ Kg5 43. Kf1 Kf4 44. Kg2 Kg5 45. Kf1 f4 46.
Ne2 Be3 47. Kg2 h5 48. Kh3 h4 49. b3 Bf2 50. Kg2 Bg3 51. Kh3 Kf5 52. Kg2 Ke5
53. Kh3 1/2-1/2

[Event "Ä11Â"]
[Site "Loo"]
[Date "2017.04.25"]
[Round "6.12"]
[White "Èñòîìèíà, Âàëåðèÿ."]
[Black "Áûêîâñêèõ, Åêàòåðèíà."]
[Result "0-1"]
[WhiteElo "1364"]
[BlackElo "1308"]
[PlyCount "138"]
[EventDate "2017.04.20"]

1. c4 Nf6 2. Nc3 g6 3. g3 Bg7 4. Bg2 O-O 5. Nf3 d6 6. O-O e5 7. d3 Be6 8. Ng5
c6 9. Nxe6 fxe6 10. d4 exd4 11. Qxd4 e5 12. Qd3 Qc7 13. Be3 Rd8 14. Rfd1 Qe7
15. Rac1 Na6 16. a3 Nc7 17. b4 d5 18. cxd5 cxd5 19. Bc5 Qf7 20. Qc2 b6 21. Be3
Rab8 22. Bg5 d4 23. Ne4 Ncd5 24. Nxf6+ Nxf6 25. e3 Qe6 26. exd4 exd4 27. Re1
Qf7 28. Rcd1 Rbc8 29. Qb2 d3 30. Qb1 Rc3 31. Re3 Qb3 32. Qxb3+ Rxb3 33. Bxf6
Bxf6 34. Re8+ Kg7 35. Rxd8 Bxd8 36. Be4 Rxa3 37. Rxd3 Rxd3 38. Bxd3 Kf6 39. Kf1
Ke5 40. Ke2 Kd4 41. Kd2 a5 42. bxa5 bxa5 43. Bb5 Kc5 44. Bd7 Kb4 45. Kc2 a4 46.
Kb2 a3+ 47. Ka2 Be7 48. f3 Kc3 49. h3 Kd3 50. g4 Ke3 51. Bc6 Kf4 52. Be4 Kg3
53. h4 Kxh4 54. Kb3 Kg3 55. Ka2 Kf4 56. Kb3 Kg5 57. Ka2 h5 58. gxh5 gxh5 59.
Bd5 h4 60. Kb1 h3 61. Kc1 Kf4 62. Kc2 h2 63. Kd3 h1=Q 64. Be4 a2 65. Kd4 a1=Q+
66. Kc4 Qhd1 67. Bd3 Qac1+ 68. Kb5 Qb3+ 69. Ka5 Qa1# 0-1